Normal view MARC view
  • Paul R. Krugman ; Maurice Obstfeld

Entry Personal Name

Number of records used in: 4

001 - CONTROL NUMBER

  • control field: 9322

003 - CONTROL NUMBER IDENTIFIER

  • control field: NUST

005 - DATE AND TIME OF LATEST TRANSACTION

  • control field: 20180121111238.0

008 - FIXED-LENGTH DATA ELEMENTS

  • fixed length control field: 180121|| aca||aabn | a|a d

040 ## - CATALOGING SOURCE

  • Original cataloging agency: NUST
  • Transcribing agency: NUST

100 ## - HEADING--PERSONAL NAME

  • Personal name: Paul R. Krugman ; Maurice Obstfeld

670 ## - SOURCE DATA FOUND

  • Source citation: Work cat.: (NUST)320911: Paul R. Krugman ; Maurice Obstfeld, International Economics : Theory and Policy 3rd ed, 1994
© 2023 Central Library, National University of Sciences and Technology. All Rights Reserved.